000 01072nam a22002417a 4500
005 20240305165503.0
007 cr|||| ||||
008 180331s2017 co |||||s|||| 00||0 spa d
020 _a978-958-738-835-0
035 _a21133
040 _avLex
090 _c7612
_d7612
100 1 _aBerry, Albert
245 1 0 _aAvance y fracaso en el agro colombiano, siglos XX y XXI
_h[Recurso electrónico] /
_cAlbert Berry
256 _aServicio en línea
260 _aBogotá:
_bEditorial Universidad de Rosario (Colombia),
_c2017
300 _a1 recurso electrónico
506 1 _aDisponible solo en los productos indicados
_dvLex Global
_dvLex Global (Academic Edition, excluding Law Schools)
_dvLex Global (U.S. Academic Edition, Law Schools)
_dvLex Global (U.S. Academic Edition, excluding Law Schools)
_dvLex Global (Academic Edition, Law Schools)
650 0 4 _aDerecho Público y Administrativo
_zColombia
740 0 _avLex Libros (Servicio en línea)
856 4 0 _uhttps://app.vlex.com/#/sources/avance-fracaso-agro-colombiano-siglos-xx-xxi-21133
942 _cRAA
999 _c165849
_d165849